Statistics for Historic coins of Europe & North America

Click here to take the quiz!

General Stats

  • This quiz has been taken 14 times
  • The average score is 10 of 21

Answer Stats

HintAnswer% Correct
FrancFrance
92%
MarkGermany
69%
PesoMexico
62%
RealPortugal
62%
Half dimeUSA
62%
SixpenceBritain
54%
EscudoSpain
54%
Half centUSA
54%
GuineaBritain
46%
ShillingBritain
46%
HalfpennyBritain
46%
FlorinBritain
46%
EagleUSA
46%
CrownBritain
38%
FarthingBritain
38%
TalerGermany
38%
Ring centUSA
38%
ScudoItaly
31%
PistoleSpain
31%
RigsdalerDenmark
23%
SkillingDenmark
23%

Score Distribution

Percentile by Number Answered

Percent of People with Each Score

Your Score History

You have not taken this quiz